|
|
|
|
| LEADER |
01569cas a2200253 a 4500 |
| 001 |
AALejournalIMF007668 |
| 008 |
230101c9999 xx r poo 0 0eng d |
| 020 |
|
|
|c 5.00 USD
|
| 020 |
|
|
|z 9781451843736
|
| 022 |
|
|
|a 1018-5941
|
| 040 |
|
|
|a BD-DhAAL
|c BD-DhAAL
|
| 100 |
1 |
|
|a Ghosh, Atish.
|
| 245 |
1 |
4 |
|a The Interest Rate-Exchange Rate Nexus in the Asian Crisis Countries /
|c Atish Ghosh, Gabriela Basurto.
|
| 264 |
|
1 |
|a Washington, D.C. :
|b International Monetary Fund,
|c 2000.
|
| 300 |
|
|
|a 1 online resource (25 pages)
|
| 490 |
1 |
|
|a IMF Working Papers
|
| 500 |
|
|
|a <strong>Off-Campus Access:</strong> No User ID or Password Required
|
| 500 |
|
|
|a <strong>On-Campus Access:</strong> No User ID or Password Required
|
| 506 |
|
|
|a Electronic access restricted to authorized BRAC University faculty, staff and students
|
| 520 |
3 |
|
|a Sharp exchange rate depreciations in the East Asian crisis countries (Indonesia, Korea, and Thailand) raised doubts about the efficacy of increasing interest rates to defend the currency. Using a standard monetary model of exchange rate determination, this paper shows that tighter monetary policy was in fact associated with an appreciation of the exchange rate. Moreover, there is little evidence of higher real interest rates contributing to a widening of the risk premium.
|
| 538 |
|
|
|a Mode of access: Internet
|
| 700 |
1 |
|
|a Basurto, Gabriela.
|
| 830 |
|
0 |
|a IMF Working Papers; Working Paper ;
|v No. 2000/019
|
| 856 |
4 |
0 |
|z Full text available on IMF
|u http://elibrary.imf.org/view/journals/001/2000/019/001.2000.issue-019-en.xml
|z IMF e-Library
|